000 00561 a2200205 4500
001 60992
005 20260407155900.0
008 260407a1963 arg spa d
003 AR-UNSa-BCEJYS
040 _aAR-UNSa-BCEJYS
_bspa
_cAR-UNSa-BCEJYS
080 _a342.9
_xDerecho Administrativo
245 1 0 _aPrincipios de derecho administrativo
250 _a3a. ed.
264 1 _aBuenos Aires :
_bEdiciones Depalma
_c1963
300 _a1055 p.
_c23 cm.
041 _aspa
942 _cBK
590 _aniveau_biblio:m niveau_hierar:0
100 1 _aBielsa, Rafael
999 _c7178
_d7178